Pflanzen mit B - Statistiken

Allgemein
  • Dieses Quiz wurde 142 mal gespielt
  • Das Durchschnittsergebnis liegt bei 11 aus 27
Antwortstatistiken
Hinweis Antwort % Korrekt
Riesengras, wächst noch schneller Bambus
83%
Eckern Buche
80%
bleibt Brautkleid Blaukraut
79%
Nationalbaum Russlands Birke
77%
Muffins Blaubeere
77%
beruhigend Baldrian
72%
auch "Hexenzwiebel", "Waldknoblauch" genannt Bärlauch
67%
bei Schmetterlingen beliebt, bei Spaziergängern nicht Brennnessel
66%
Helene Birne
65%
Caprese Basilikum
61%
dornige Hecke Brombeere
56%
Zierstrauch, Gartenkunst Buchsbaum
53%
volkstümliche Bezeichnung für verschiedene gelb blühende Wiesenpflanzen Butterblume
50%
leichtes Holz, wächst schnell Balsabaum
47%
wächst in jeweils 10 bis 20 Fingern an 6 bis 19 Händen Banane
39%
fängt in Österreich mit "K" an Blumenkohl
34%
grüne Röschen Brokkoli
30%
Zierpflanze Begonie
26%
Acker-"Unkraut", früher Mittel gegen Hexerei Beifuß
16%
Kalabrische Zitrusfrucht Bergamotte
16%
Weisheit Binse
13%
giftig bis auf die vitaminreichen Beeren Berberitze
12%
traditionelles Drogenkauen in Asien Betelnusspalme
10%
essbare behaarte Blätter Borretsch
10%
Zierpflanze, Giftpflanze des Jahres 2024 Blauregen
4%
Meuterei auf der Bounty Brotfruchtbaum
3%
Chicle -> Kaugummi Breiapfelbaum
0%
Keine übereinstimmenden Quizze gefunden
Verteilung der Resultate
Anzahl Personen mit jedem Resultat
Perzentil nach korrekt beantworteten Fragen
Ihre Resultats-Entwicklung
Sie haben dieses Quiz noch nicht gespielt